Quizzes
Events
Quiz Creation
Community
Videos
Private Events
Remove Ads
Sign In
Join for FREE
Feedback
Dark Mode
Quiz Categories
Sports
Geography
Music
Movies
Television
Just For Fun
Miscellaneous
History
Literature
Language
Science
Gaming
Entertainment
Religion
Holiday
For Kids
Quiz Lab
Recent
Popular Today
Quiz Kudos Today
Editor Picks
Curator Picks
Quizzes by...
Day
Popularity
Type
Ratings
Length
Year
Community
Subscriptions
Recent Discussions
Orange Saloon
Badges
Playlists
Quests
Create
Leaderboards
Showdown
Live 5
Trivia Bingo
Activity
Puzzle Library
Sporcle Events
Private Events
Virtual Trivia
Globe League
Become a Host
Pub Owners
SporcleCon
Opinionation
Our Games
Videos
Blog
Mobile Apps
Partnerships
Remove Ads and Go Orange
Feedback
History
US Presidents
World Leaders
Politics
Nation
Discovery
War
Decade
Year
Century
Biography
Art
History
US Presidents
World Leaders
Politics
Nation
Discovery
War
Decade
Year
Century
Biography
Art
Random Quiz
Search Sporcle
×
Quiz Lab
Quiz Lab
History
War
Type in answers that appear in a list
Type in answers that appear in a list
Classic
Best Score? Go Orange.
History.com - Civil War 150 Stats
Can you name the 150 Civil War topics on history.com ('Civil War 150')?
By
thejacobsz
15m
150 Questions
37 Plays
37 Plays
37 Plays
Comments
Comments
Give Quiz Kudos
Give Quiz Kudos
-
- Ratings
hide this ad
Replay
Link that replays current quiz
Next Quiz
Link to next quiz in quiz playlist
You Got
0%
They Got
Avg Score
9%
Avg Friend Score
Upgrade to see
Score Distribution
Jump to the score distribution portion of the page
Score
0/150
Timer
15:00
0
Plays Today
% Correct
Gettysburg
86.5%
Antietam
67.6%
Ulysses S. Grant
51.4%
Robert E. Lee
51.4%
Vicksburg
48.6%
Abraham Lincoln
45.9%
Shiloh
43.2%
Fort Sumter
40.5%
Appomattox Court House
37.8%
Atlanta
35.1%
Jefferson Davis
32.4%
Chattanooga
29.7%
Petersburg
29.7%
Chancellorsville
27%
Chickamauga
27%
Fredericksburg
27%
Andrew Johnson
24.3%
William Tecumseh Sherman
24.3%
James Longstreet
24.3%
Jeb Stuart
24.3%
Wilderness
24.3%
Ambrose Burnside
21.6%
Braxton Bragg
21.6%
A.P. Hill
18.9%
Stones River
18.9%
Railroad
16.2%
George B. McClellan
16.2%
George Meade
16.2%
Cold Harbor
16.2%
Sherman's March
16.2%
Emancipation Proclamation
16.2%
Cotton Gin
13.5%
David Farragut
13.5%
Joseph Hooker
13.5%
Winfield Scott Hancock
13.5%
Albert Sidney Johnston
13.5%
Alexander Stephens
13.5%
Joseph E. Johnston
13.5%
Nathan Bedford Forrest
13.5%
Spotsylvania Court House
13.5%
Bleeding Kansas
13.5%
Washington, D.C.
13.5%
Gettysburg Address
13.5%
Frederick Douglass
10.8%
Philip Sheridan
10.8%
John Bell Hood
10.8%
Hampton Roads
10.8%
Mobile Bay
10.8%
Kansas-Nebraska Act
10.8%
Spies
8.1%
% Correct
Telegraph
8.1%
Abner Doubleday
8.1%
William Seward
8.1%
Richard Ewell
8.1%
Thomas 'Stonewall' Jackson
8.1%
Corinth
8.1%
Fort Wagner
8.1%
Andersonville
8.1%
Election of 1860
8.1%
Ford's Theatre
8.1%
Missouri Compromise
8.1%
Uncle Tom's Cabin
8.1%
Submarines
5.4%
Edwin Stanton
5.4%
George E. Pickett
5.4%
John B. Gordon
5.4%
John Wilkes Booth
5.4%
P.G.T. Beauregard
5.4%
Election of 1864
5.4%
New York Draft Riots
5.4%
Compromise of 1850
5.4%
Dred Scott Decision
5.4%
Blockades
2.7%
Mapmaking
2.7%
Monitor & Merrimac
2.7%
Photography
2.7%
Repeating Rifles
2.7%
54th Massachusetts
2.7%
Army of the Potomac
2.7%
Clara Barton
2.7%
Don Carlos Buell
2.7%
Henry W. Halleck
2.7%
Army of Northern Virginia
2.7%
James Buchanan
2.7%
Jubal Early
2.7%
Judah P. Benjamin
2.7%
Robert Toombs
2.7%
Wade Hampton
2.7%
Brandy Station
2.7%
Wilson's Creek
2.7%
Border States
2.7%
John Brown's Raid
2.7%
Lincoln-Douglas Debates
2.7%
Richmond, Virginia
2.7%
Trent Affair
2.7%
Underground Railroad
2.7%
Food
2.7%
Fugitive Slave Act
2.7%
Ku Klux Klan
2.7%
Music
2.7%
% Correct
Anaconda Plan
0%
Artillery
0%
Medal of Honor
0%
Medicine
0%
Military Balloons
0%
Minié Ball
0%
Naval mines| Torpedoes
0%
Pontoon Bridges
0%
Secret Service
0%
Signal Corps
0%
Springfield Armory
0%
Tredegar Iron Works
0%
U.S. Sanitary Commission
0%
Uniforms
0%
West Point
0%
Benjamin F. Butler
0%
Copperheads
0%
Daniel Sickles
0%
Henry W. Slocum
0%
Hugh Judson Kilpatrick
0%
Bushwhackers
0%
John C. Breckinridge
0%
First Bull Run|Manassas
0%
Ft. Henry & Ft. Donelson
0%
Peninsula Campaign
0%
Second Bull Run|Manassas
0%
Arlington National Cemetery
0%
Compromise of 1877
0%
Cooper Union Speech
0%
Fort Pillow Massacre
0%
Hampton Roads Conference
0%
Mason-Dixon Line
0%
Montgomery, Alabama
0%
Nat Turner's Rebellion
0%
South Carolina's Secession
0%
West Virginia Statehood
0%
Black Codes & Jim Crow
0%
Confederate & Union money
0%
Confederate Constitution
0%
Crittenden Compromise
0%
First Income Tax
0%
'House Divided' speech
0%
'In God We Trust'
0%
Lincoln's Second Inaugural
0%
Memorial Day
0%
News & Political Cartoons
0%
Reconstruction Amendments
0%
Slang
0%
Suspension of Habeas Corpus
0%
Thanksgiving Proclamation
0%
Quiz Playlist
Details
Report
Send in Message
Add To Playlist
Classic:
Type in answers that appear in a list
Last Updated: Feb 16, 2017
Quiz Scoreboard
CHALLENGE
Sign Up to Join the Scoreboard
Show All
Scores
Hide
Comments
May contain spoilers
Recently Published
Movies - When Are They Set?
by FPL_Elf
Movies
5m
Popular People in 1961
by mucciniale
History
6m
1-10 Letter E Words III
by El_Dandy
Language
2m
More to Explore
Quiz From the Vault
Featured Blog Post
Where Did the Easter Bunny Come From?
hide this ad
You Might Also Like...
Tags
War Quiz
150
Civil
topic
Today's Top Quizzes in History
Browse History
hide this ad
Today's Top Quizzes in War
Browse War
Top Contributed Quizzes in History
1
Popular People in 1991
2
Popular People in 1981
3
Popular People in 1951
4
Popular People in 1941
5
Popular People in 1986
6
Popular People in 1921
7
Popular People in 1976
8
I Am Born On March 28th
9
Popular People in 1946
10
Popular People in 1936
Explore More
Trending Topics
Marvel
Anime
Disney
NBA
Kpop
Crossword
Harry Potter
The Office
NFL
Pokémon
Song
Soccer
Puzzle
WWE
Country
hide this ad
More By:
thejacobsz
Quiz
Plays
Rating
Category
Featured
Created
Harry Potter - Black Family Tree
1,149
3.00
Just For Fun
Apr 19, 2011
Lincoln/Kennedy Similarities
596
3.20
History
May 21, 2011
Family Feud: Castellano vs. Lewis
471
4.33
Just For Fun
May 3, 2011
Oz Trivia
393
5.00
Just For Fun
Feb 22, 2011
Powhatan Tribes/Jamestown - Trivia
292
1.00
History
Apr 1, 2011
Go to Creator's Profile
Score Distribution
Quiz Creator Spotlight
thejacobsz
Follow
Send a Message
Quizzes Created
-
Created Quiz Play Count
-
More By This Creator
Popular Quizzes Today
1
Find the US States - No Outlines Minefield
2
Find the Countries of Europe - No Outlines Minefield
3
The Countries of the World
4
Popular People in 1961
5
1-10 Letter E Words III
6
US States
7
Find the US States
8
One Thing in Common: World Cities II
More History Quizzes
Old Photos: Where Is It?
Published
Trending Quizzes
Risky Map Clicking: Least Populous States A-Z
1-10 Letter F Words
1-10 Letter G Words
One Thing in Common: United Kingdom
Risky Map Clicking: Next State Alphabetically
Recently Updated
Leaping Animals
pecheneg
Reality TV Shows (A-Z)
bhenderson79
Rickey Henderson's Hall of Fame Teammates
pecheneg
Champions League XIs: Arsenal
pecheneg
Quick Pick: Celebrities in WWE's Hall of Fame
aduchscher
A-Z Keypad Blitz II
pecheneg
Multiple Oscar Actors
pecheneg
Mystery Phrase Blitz: Oscar 'Best Actors'
pecheneg
F. Scott Fitzgerald Novels
LTH
Pick 3 Villains
ddd62291
Trending Topics
Harry Potter
Marvel
Disney
NBA
Crossword
Anime
Kpop
Song
Puzzle
Country
WWE
Pokémon
The Office
NFL
Soccer
Your Account Isn't Verified!
In order to create a playlist on Sporcle, you need to verify the email address you used during registration. Go to your
Sporcle Settings
to finish the process.
Report this User
Report this user for behavior that violates our
Community Guidelines
.
Details:
Send Report
Go to the Sporcle.com Mobile Site →
Comments